Mrs. Annie Besant: a psychological study (Record no. 438730)

000 -LEADER
fixed length control field 00352cam a22001217a 4500
008 - FIXED-LENGTH DATA ELEMENTS--GENERAL INFORMATION
fixed length control field 180718b1917 xxu||||| |||| 00| 0 eng d
082 ## - DEWEY DECIMAL CLASSIFICATION NUMBER
Classification number A99 B463/P17
100 ## - MAIN ENTRY--PERSONAL NAME
Personal name Pal, Bepin Chandra
245 ## - TITLE STATEMENT
Title Mrs. Annie Besant: a psychological study
Statement of responsibility, etc. by Bepin Chandra Pal
260 ## - PUBLICATION, DISTRIBUTION, ETC.
Place of publication, distribution, etc. Madras
Name of publisher, distributor, etc. Ganesh
Date of publication, distribution, etc. 1917
300 ## - PHYSICAL DESCRIPTION
Extent 725p.
650 ## - SUBJECT ADDED ENTRY--TOPICAL TERM
Topical term or geographic name entry element Besant, Annie, 1847-1933
Holdings
Withdrawn status Lost status Damaged status Not for loan Permanent Location Current Location Date acquired Full call number Barcode Date last seen Price effective from Koha item type
        Indian Institute of Public Administration Indian Institute of Public Administration 2010-04-15 A99 B463/P17 10421 2018-07-21 2018-07-21 Book

Powered by Koha